000 00639nam a22002057a 4500
003 OSt
005 20251030004050.0
008 251030b |||||||| |||| 00| 0 eng d
020 _a81-8429-040-3
040 _aDWCL-Admin lib
_cOC
082 _2 1st ed.
_aCirc. 371.4 G946 2007
100 _aK.B Kushal, H.L.
245 _aGuidance and counselling: new perspective /
_cK.B Kushal, H.L.
260 _aIndia :
_bThe Associated Publishers,
_cc2007.
300 _a vii, 158 p. ;
_c23 cm.
504 _aIncludes bibliographical references.
650 _a1. Counseling.
700 _aKaila, H. L.
942 _2ddc
_cBK-CIRC
_e 1st ed.
_kCirc.
_n0
999 _c5311
_d5311